| 000 | 00000nam 2200000za 4500 |
| 001 | 9.850631 |
| 003 | CaOODSP |
| 005 | 20221107154210 |
| 007 | cr ||||||||||| |
| 008 | 180124s2005 onc |||#o f000 0 fre d |
| 040 | |aCaOODSP|bfre |
| 043 | |an-cn--- |
| 086 | 1 |aCW69-4/27-2003F-PDF |
| 100 | 1 |aLawrence, Louise de Kiriline,|d1894- |
| 245 | 13|aLe pic mineur |h[ressource électronique]. |
| 250 | |a[Rév. 2003] |
| 260 | |aOttawa : |bService canadien de la faune, |cc2005. |
| 300 | |a[4] p. |
| 490 | 1 |aFaune et flore du pays |
| 500 | |aPubl. aussi en anglais sous le titre: Downy woodpecker. |
| 500 | |aTitre de départ. |
| 500 | |a« Texte : Louise de Kiriline Lawrence. » |
| 500 | |a« Révision scientifique : K. Dickson, 1988; C.M. Downes, 2003. » |
| 500 | |aÉdition numérisée de l’imprimé [par Environnement et Changement climatique Canada]. |
| 530 | |aÉgalement publié en version imprimée. |
| 692 | 07|2gccst|aOiseau |
| 692 | 07|2gccst|aConservation de la nature |
| 700 | 1 |aDownes, C. M. |
| 710 | 1 |aCanada. |bEnvironnement Canada. |
| 710 | 2 |aService canadien de la faune. |
| 775 | 08|tDowny woodpecker |w(CaOODSP)9.850628 |
| 776 | 0#|tLe pic mineur |w(CaOODSP)9.626228 |
| 830 | #0|aFaune de l'arrière-pays.|w(CaOODSP)9.500858 |
| 856 | 40|qPDF|s1.41 Mo|uhttps://publications.gc.ca/collections/collection_2018/eccc/CW69-4-27-2003-fra.pdf |